| 000 | 01336nam a22002417a 4500 | ||
|---|---|---|---|
| 005 | 20210325174551.0 | ||
| 008 | s2537 th tha d | ||
| 020 | _a9747367165 | ||
| 041 | _atha | ||
| 050 | _aDS525.7 ธ581ร 2537 | ||
| 100 | 0 | _aธิดา สาระยา | |
| 245 | 1 | 0 | _aรัฐโบราณในภาคพื้นเอเชียตะวันออกเฉียงใต้ : กำเนิดและพัฒนาการ |
| 260 | 3 |
_aกรุงเทพฯ : _bเมืองโบราณ, _c2537 |
|
| 300 |
_a415 หน้า : _b ภาพประกอบ, แผนที่ ; _c 24 ซม. |
||
| 650 | 0 | 4 | _aเอเชียตะวันออกเฉียงใต้ -- การเมืองและการปกครอง |
| 650 | 0 | 4 | _aเอเชียตะวันออกเฉียงใต้ -- ประวัติศาสตร์ |
| 650 | 0 | 4 | _aไทย -- การเมืองและการปกครอง -- กรุงสุโขทัย |
| 650 | 0 | 4 | _aไทย -- การเมืองและการปกครอง -- สมัยแรกเริ่มก่อน พ.ศ. 1800 -- กรุงศรีอยุธยา |
| 850 | _aNALT | ||
| 942 | _cGB | ||
| 997 | _c000000000004382 | ||
| 998 | _aAREERAT | ||
| 999 |
_c4382 _d4382 |
||